| 000 | 00440nam a2200169Ia 4500 | ||
|---|---|---|---|
| 008 | 230917s9999||||xx |||||||||||||| ||und|| | ||
| 020 | _cRS250 | ||
| 040 |
_e243121 _aMAIN |
||
| 041 | _aEnglish | ||
| 082 | _a294.6 C371B | ||
| 100 | _aCharandas | ||
| 245 | 0 | _aBhakrisagaradi | |
| 260 |
_aBombay _bKhemraj Shrikrishanadas Prakashan _c2013 |
||
| 300 | _a420 p. | ||
| 500 | _a2977 13/12/2017 HBD18/7149 17/01/2018 Main Budget | ||
| 942 | _cBK | ||
| 999 |
_c25003 _d25003 |
||